Barock-Plastik in Europa (Record no. 7582)

MARC details
000 -CABECERA
campo de control de longitud fija 00841nam a2200265 a 4500
001 - NÚMERO DE CONTROL
campo de control BRCA_7910
005 - FECHA Y HORA DE LA ÚLTIMA TRANSACCIÓN
campo de control 20190320210041.0
008 - DATOS DE LONGITUD FIJA--INFORMACIÓN GENERAL
campo de control de longitud fija 170214s1964----gw-a######---#000-0#ger-#
041 ## - CÓDIGO DE LENGUA
Código de lengua del texto/banda sonora o título independiente ger
044 ## - CÓDIGO DEL PAÍS DE LA ENTIDAD EDITORA/PRODUCTORA
Código MARC del país gw
050 #4 - SIGNATURA TOPOGRÁFICA DE LA BIBLIOTECA DEL CONGRESO
Número de clasificación NB193
Número de documento/Ítem .B37 1964
245 10 - MENCIÓN DE TÍTULO
Título Barock-Plastik in Europa
Mención de responsabilidad, etc. hrsg. von Harald Busch und Bernd Lohse ; einleitung von Werner Hager ; bilderlauteringen von Eva Maria Wagner.
260 ## - PUBLICACIÓN, DISTRIBUCIÓN, ETC.
Lugar de publicación, distribución, etc. Fráncfort del Meno
Nombre del editor, distribuidor, etc. Umschau
Fecha de publicación, distribución, etc. c1964
300 ## - DESCRIPCIÓN FÍSICA
Extensión xxxix p.
Otras características físicas il., 216 láminas
Dimensiones 27 cm.
440 #0 - MENCIÓN DE SERIE/PUNTO DE ACCESO ADICIONAL--TÍTULO
Título Monumente des Abendlandes
9 (RLIN) 19564
500 ## - NOTA GENERAL
Nota general Y195
650 14 - PUNTO DE ACCESO ADICIONAL DE MATERIA--TÉRMINO DE MATERIA
Término de materia o nombre geográfico como elemento de entrada Escultura barroca
9 (RLIN) 7867
650 14 - PUNTO DE ACCESO ADICIONAL DE MATERIA--TÉRMINO DE MATERIA
Término de materia o nombre geográfico como elemento de entrada Escultura
Subdivisión geográfica Europa
9 (RLIN) 19565
700 1# - PUNTO DE ACCESO ADICIONAL--NOMBRE DE PERSONA
Nombre de persona Busch, Harald
Término indicativo de función/relación ed.
9 (RLIN) 19566
700 1# - PUNTO DE ACCESO ADICIONAL--NOMBRE DE PERSONA
Nombre de persona Lohse, Bernd
Término indicativo de función/relación ed.
9 (RLIN) 19567
700 1# - PUNTO DE ACCESO ADICIONAL--NOMBRE DE PERSONA
Nombre de persona Hager, Werner
9 (RLIN) 19568
700 1# - PUNTO DE ACCESO ADICIONAL--NOMBRE DE PERSONA
Nombre de persona Wagner, Eva Maria
9 (RLIN) 19569
902 ## - CATALOGADOR
Iniciales GFM
942 ## - ELEMENTOS DE PUNTO DE ACCESO ADICIONAL (KOHA)
Fuente del sistema de clasificación o colocación Library of Congress Classification
Tipo de ítem Koha Libros
Holdings
Estado de retiro Estado de pérdida Estado dañado No para préstamo Localización permanente Ubicación/localización actual Fecha de adquisición Número de inventario Total de préstamos Signatura topográfica completa Código de barras Fecha visto por última vez Precio válido a partir de Tipo de ítem Koha
El ejemplar forma parte de la colección y puede ser consultado según las políticas vigentes.       Biblioteca del Museo Franz Mayer (Rogerio Casas-Alatriste) Biblioteca del Museo Franz Mayer (Rogerio Casas-Alatriste) 13/02/2014 Y195   NB193 .B37 1964 (Y195) 8521 22/03/2019 22/03/2019 Libros